[Event "Surfers Paradise op"]
[Site "Gold Coast"]
[Date "2010.12.26"]
[Round "1"]
[White "Ikeda, Junta"]
[Black "Shanks, Jack"]
[Result "1-0"]
[WhiteElo "2262"]
[BlackElo "1591"]
[PlyCount "47"]
[EventDate "2010.12.26"]
[EventType "swiss"]
[EventRounds "9"]
[EventCountry "AUS"]
[SourceTitle "CBM 140 Extra"]
[Source "ChessBase"]
[SourceDate "2011.03.01"]
[SourceVersion "1"]
[SourceVersionDate "2011.03.01"]
[SourceQuality "1"]

1. e4 e5 2. f4 exf4 3. Bc4 Be7 4. Nc3 c6 5. d4 Bh4+ 6. Kf1 Ne7 7. g3 d5 8. Bb3 Bg5 9. h4 Bh6 10. g4 g6 11. Qf3 Be6 12. Bxf4 Bg7 13. Re1 0-0 14. h5 Qd7 15. Rh4 h6 16. Nh3 f5 17. exf5 Nxf5 18. gxf5 Bxf5 19. hxg6 Bxh3+ 20. Kg1 Na6 21. Nxd5 cxd5 22. Bxd5+ Kh8 23. Rxh6+ Bxh6 24. Be5+ 1-0

[Event "Melbourne Cup"]
[Site "Melbourne"]
[Date "2010.11.01"]
[Round "7"]
[White "Ly, Thai"]
[Black "Shanks, Jack"]
[Result "1/2-1/2"]
[WhiteElo "1825"]
[BlackElo "1591"]
[PlyCount "108"]
[EventDate "2010.10.29"]
[EventType "swiss"]
[EventRounds "9"]
[EventCountry "AUS"]
[SourceTitle "EXT 2012"]
[Source "ChessBase"]
[SourceDate "2011.11.24"]
[SourceVersion "1"]
[SourceVersionDate "2011.11.24"]
[SourceQuality "1"]

1. d4 f5 2. Nc3 Nf6 3. Bg5 e6 4. e4 fxe4 5. Nxe4 Be7 6. Bxf6 Bxf6 7. Nf3 0-0 8. Bd3 d5 9. Nxf6+ Qxf6 10. 0-0 c5 11. c3 cxd4 12. cxd4 Bd7 13. Bc2 Be8 14. Qd3 Bg6 15. Qb3 Bxc2 16. Qxc2 Nc6 17. Rad1 Rad8 18. Qb3 Rd7 19. Qa4 Re7 20. b4 e5 21. dxe5 Nxe5 22. Nxe5 Qxe5 23. Qxa7 Rf6 24. Qd4 Qxd4 25. Rxd4 Re2 26. a4 Ra2 27. Rxd5 Rxa4 28. Rd8+ Rf8 29. Rxf8+ Kxf8 30. Rb1 Ke7 31. Kf1 Kd6 32. Ke2 Ke5 33. Kd3 Ra2 34. Re1+ Kd5 35. Re7 g6 36. Rxb7 Rxf2 37. Rxh7 Rxg2 38. Kc3 Kc6 39. Kc4 Rg4+ 40. Kb3 Rg2 41. Rh8 Kb6 42. h3 g5 43. Kc4 g4 44. Rh6+ Kc7 45. hxg4 Rxg4+ 46. Kb5 Kb7 47. Rh7+ Kb8 48. Ka5 Rg5+ 49. b5 Rg8 50. Ka6 Rg6+ 51. b6 Rg8 52. Rb7+ Ka8 53. Re7 Kb8 54. Re1 Rf8 1/2-1/2